[Event "ITA-ch U20"]
[Site "Tarvisio"]
[Date "2023.07.09"]
[Round "9"]
[White "Costantino, Gaia"]
[Black "De Benedittis, Ludovica"]
[Result "1-0"]
[WhiteElo "1602"]
[BlackElo "1207"]
[PlyCount "113"]
[EventDate "2023.07.02"]
[EventType "swiss"]
[EventRounds "9"]
[EventCountry "ITA"]
[SourceTitle "EXT 2024"]
[Source "ChessBase"]
[SourceDate "2023.10.10"]
[SourceVersion "1"]
[SourceVersionDate "2023.10.10"]
[SourceQuality "1"]

1. e4 e5 2. Nf3 Nc6 3. Bc4 Bc5 4. c3 Nf6 5. d4 exd4 6. cxd4 Bb4+ 7. Bd2 Bxd2+ 8. Nbxd2 d6 9. 0-0 0-0 10. Re1 Bg4 11. Qc2 h6 12. Rac1 Rc8 13. a3 a6 14. Bxa6 Nxd4 15. Nxd4 bxa6 16. Qc6 Re8 17. Qxa6 Nd7 18. Qd3 Qf6 19. b4 Qg6 20. Qg3 Nf6 21. f3 Bh5 22. Qxg6 Bxg6 23. Rc6 d5 24. e5 Nd7 25. e6 fxe6 26. Rexe6 Bf7 27. Rxe8+ Bxe8 28. Ne6 Ra8 29. Nxc7 Rc8 30. Nxd5 Ra8 31. Rc8 Rxc8 32. Ne7+ Kf7 33. Nxc8 Ke6 34. Kf2 Ne5 35. Nb6 Kf5 36. Ndc4 Nxc4 37. Nxc4 Bc6 38. b5 Bd5 39. b6 Ke6 40. Na5 Kd6 41. b7 Kc7 42. Ke3 g5 43. Kd4 Be6 44. Ke5 Bd7 45. Kf6 g4 46. f4 h5 47. Kg5 Be8 48. f5 Kb8 49. Kf6 h4 50. g3 h3 51. Ke7 Bh5 52. f6 Kc7 53. f7 Bxf7 54. Kxf7 Kb8 55. Ke6 Kc7 56. Kd5 Kb8 57. Kc6 1-0